Family and friends 1 Workbook 1

Enregistré dans:
Détails bibliographiques
Auteur principal: Naomi Simmons
Format: Livre
Langue:English
Publié: 2009.
Sujets:
Tags: Ajouter un tag
Pas de tags, Soyez le premier à ajouter un tag!
Thư viện lưu trữ: Mạng thư viện Đại học Đà Nẵng
LEADER 00920nam a22002891a 4500
001 000035298
003 11575
005 20241014103447.0
008 151112s2009 000 eng
041 |a eng 
082 |a 420.8.3  |b SI-N 
100 |a Naomi Simmons 
245 0 |a Family and friends 1  |n Workbook 1  |c Naomi Simmons. 
260 |c 2009. 
300 |a 118tr. : ;  |c 28cm. 
650 |a Family and friends 
653 |a Family  |a friends 
OWN |a LNN 
AVA |a UDN50  |b LNN  |c English  |d 420.8.3 SI-N  |e available  |t Error 5001 Not defined in file expand_doc_bib_avail.  |f 3  |g 0  |h N  |i 0  |j AN  |k 1 
999 |a From the UDN01 
AVA |a UDN50  |b LNN  |c English  |d 420.8.3 SI-N  |e available  |t Error 5001 Not defined in file expand_doc_bib_avail.  |f 3  |g 0  |h N  |i 0  |j AN  |k 1 
TYP |a Monograph 
TYP |a Printed language 
980 |a Mạng thư viện Đại học Đà Nẵng